Responses for show #4701 - Monday, January 31, 2005

2005 Teen Tournament quarterfinal game 4.

Contestants

Orlando Zambrano, a junior from Tampa, Florida

Chloé White, a senior from Mission Hills, Kansas

Peter Severson, a senior from Sioux Falls, South Dakota

Jeopardy! Round responses

LANGUAGES
CLASSIC SONGS
WORLD WAR I
HANDY TECHNOLOGY
FAST FOOD NATION
3-LETTER ANATOMY
    $200 1
Swedish

Chloé
    $200 11
"My Country, 'Tis Of Thee"

Peter
    $200 6
Wars

Peter
    $200 26
MP3

Peter
    $200 17
KFC

Peter
    $200 21
lip

Peter
    $400 2
I don't speak Bislama

Peter
    $400 12
"Auld Lang Syne"

Orlando
    $400 7
the United States

Peter
    $400 27
Nokia

Chloé
    $400 16
McDonald's

Peter
    $400 22
a rib

Peter
    $600 3
Chinese

Orlando
    $600 13
"My Bonnie Lies Over The Ocean"

Chloé
    $600 8
trench coat

Peter
    $600 28
PlayStation

Chloé
    $600 18
Burger King

Orlando
    $600 23
hip

Triple Stumper
    $800 4
Arabic

Peter
    $800 14
"The Battle Hymn Of The Republic"

Peter
    $800 9
Germany

Orlando
    $800 29
Dell

Peter
    $800 19
Wendy's

Peter
    $800 24
an eye

Chloé
    $800 5
Brazil

Peter
    $1000 15
(Orlando: What is "O Sole Mia"?)

"O Sole Mio"

ChloéOrlando
    $1000 10
democracy

Chloé
    $1000 30
Kodak

Orlando
    $1000 20
Taco Bell

Chloé
    $1000 25
an ear

Peter

Scores at the first commercial break (after clue 15):

Peter Chloé Orlando
$4,200 $2,800 $800

Scores at the end of the Jeopardy! Round:

Peter Chloé Orlando
$8,200 $5,600 $2,400

Double Jeopardy! Round responses

THE TEENS
JOCKS
THE PROM QUEEN
PARTY ANIMALS
THE FOREIGN EXCHANGE STUDENT
THE SCIENCE GEEK
    $400 4
13

Peter
    $400 1
Babe Ruth

Triple Stumper
    $400 9
corsage

Orlando
    $400 21
the elephant

Peter
    $400 13
South America

Orlando
    $400 26
Marie Curie

Chloé
    $800 5
16

Chloé
    $800 2
(Peter: Who was Mark McGwire?)

Barry Bonds

PeterOrlando
    $800 10
a chaperon

Peter
    $800 22
the owl

Peter
    $2,000 15
the euro

Orlando
    $800 27
Einstein

Peter
    $1200 6
(Orlando: What is Teen?)

14

ChloéOrlando
    $1200 3
Carmelo Anthony

Peter
    $1200 12
The Black Eyed Peas

Triple Stumper
    $1200 23
the Irish Setter

Chloé
    $1200 17
(Chloé: What is the mark?)
(Orlando: What is Germany?)

the yen

ChloéOrlando
Triple Stumper
    $1200 28
Stephen Hawking

Chloé
    $1600 7
(Orlando: What is 18?)
(Peter: What is 21?)
(Chloé: What is 19?)
...
(Alex: You all missed it. No harm, no foul.)

17

PeterChloéOrlando
Triple Stumper
    $1600 11
(Orlando: What is Native American?)

Inuit (Eskimo)

Orlando
Triple Stumper
    $1600 16
(Chloé: What is A Midsummer's Night Dream?)
(Orlando: What is A Midsummer's Night Dream?)
...
(Alex: Both Chloé and Orlando gave the same response, putting the possessive on the first word.)

A Midsummer Night's Dream

PeterChloéOrlando
    $1600 24
(Chloé: What is the ape?)

the chimpanzee

ChloéOrlando
    $1600 18
New Zealand

Peter
    $1600 29
(Peter: Who was Carnot?)

(Rudolph) Diesel

PeterOrlando
    $2000 8
18

Triple Stumper
    $2000 14
running back

Orlando
    $2000 20
promenade

Peter
    $2000 25
butterfly

Orlando
    $2000 19
the ruble

Orlando
    $4,000 30
(Orlando: What is Joule?)

(Alessandro) Volta

Orlando

Scores at the end of the Double Jeopardy! Round:

Peter Chloé Orlando
$13,800 $4,400 $4,000
(lock game)

Final Jeopardy! Round responses

ASTRONAUTS
OrlandoWho is Buzz Aldrin
$4,000
ChloéWho is Buzz Aldrin
$2,600
PeterWho is Buzz Aldrin
$4,200
Buzz Aldrin

Final scores:

Peter Chloé Orlando
$18,000 $7,000 $8,000
Automatic semifinalist 3rd place: $2,500 and a computer package 2nd place: $2,500 and a computer package

Game dynamics:

Coryat scores:

Peter Chloé Orlando
$14,000 $4,400 $6,800
25 R
(including 1 DD),
3 W
13 R,
4 W
14 R
(including 1 DD),
7 W
(including 1 DD)

Combined Coryat: $25,200

The J! Archive is created by fans, for fans. The Jeopardy! game show and all elements thereof, including but not limited to copyright and trademark thereto, are the property of Jeopardy Productions, Inc. and are protected under law. This website is not affiliated with, sponsored by, or operated by Jeopardy Productions, Inc. Join the discussion at JBoard.tv.